000 01359nam a2200217Ia 4500
003 Ost
005 20260507075256.0
008 260507s9999||||xx |||||||||||||| ||und||
040 _cfsecg
041 _aara
082 _a330
100 _aمحسن، عبد الكريم
_eمؤلف
245 0 _aإدارة الانتاج و العمليات /
_c عبد الكريم محسن
250 _aطبعة 2 مزيدة و منقحة
260 _aبغداد:
_bمكتبة الذاكرة,
_c2006
300 _a564 صفحة؛
_bإيضاحات ؛
_c24 سم
520 _aمدخل الى ادارة الانتاج و العمليات ، استراتيجية الشركة ، الاعمال و العمليات مع تنبؤ الطلب ، تخطيط و تطوير المنتوج أو الخدمة ، تخطيط و تصميم العملية ة تخطيط الطاقة و اختيار موقع المصنع ، الترتيب الداخلي للمصنع و التخطيط الاجمالي للانتاج ، تخطيط الاحتياجات من المواد mrp جدولة العمليات التشغيلية و ضبط الجودة و أخيرا ادارة الصيانة مع تمارين و أسئلة في نهاية كل فصل .
653 _aالانتاج ــ ادارة
700 _aالنجار، صباح مجيد
_eمؤلف ثانوي
942 _cكتاب
999 _c43741
_d43741